Mi gatito llora mucho y no sé por qué /

Este cuento narra la amistad entre Nuria y Zed, su gato que es muy alegre y juguetón, pero que de pronto comenzó a maullar y ella no comprende lo que le sucede; la historia resalta el valor de la comunicación en diversas formas, así como la importancia de la empatía con seres que son totalmente dife...

Descrición completa

Gardado en:
Detalles Bibliográficos
Autor Principal: Herrero, Sara (autor)
Outros autores: Gallego, Angela (ilustración) (ilustración)
Formato: Libro
Idioma:Lingua castelá
Publicado: Sevilla, España : Babidi-Bú, 2021, c2021
Series:(La Mirada de Daniel. Inteligencia Emocional)
Temas:
Etiquetas: Engadir etiqueta
Sen Etiquetas, Sexa o primeiro en etiquetar este rexistro!

MARC

LEADER 00000nam^a2200000^a^4500
001 000580482
005 20250521000000.0
009 20260310132550.703
020 |a 978-84-18911-23-1 
037 |a Acervo ITESO - Biblioteca 
041 |a ESP 
082 |a 808. 899282  |b HER 
100 |a Herrero, Sara  |e (autor) 
245 1 3 |a Mi gatito llora mucho y no sé por qué /  |c S. Herrero ; il. de A. Gallego. 
264 4 |a Sevilla, España :  |b Babidi-Bú,  |c 2021, c2021 
300 |a [28 p.] 
336 |a texto  |b txt  |2 rdacontenido 
337 |a sin mediación  |b n  |2 rdamedio 
338 |a volumen  |b nc  |2 rdasoporte 
440 4 |a (La Mirada de Daniel. Inteligencia Emocional) 
520 |a Este cuento narra la amistad entre Nuria y Zed, su gato que es muy alegre y juguetón, pero que de pronto comenzó a maullar y ella no comprende lo que le sucede; la historia resalta el valor de la comunicación en diversas formas, así como la importancia de la empatía con seres que son totalmente diferentes a los humanos. 
649 |a XX 
650 |a Cuentos Infantiles -  |z España 
650 |a Cuentos Españoles 
650 |a Literatura Infantil -  |z España 
650 |a Literatura Española -  |y Siglo XXI 
650 |a Literatura de Mujeres -  |z España 
650 |a Comunicación en la Literatura 
650 |a Empatía en la Literatura 
700 |a Gallego, Angela  |e (ilustración) 
910 |a Fondo General 
920 |a Impresos - Libros 
930 |a Colección General 
940 |a Literatura 
905 |a 101 
901 |a 0500405949  |b IT1  |c LIT  |i C185083  |u 20250521 
902 |a https://opac.biblio.iteso.mx/vufind/Record/000580482